000 00330nam a2200145Ia 4500
008 100122s9999 xx 000 0 und d
082 _b70324
_a823
100 _aMARTINI STEVE
245 _aTHE LIST
260 _bHEADLINE BOOK PUBLISHING
_c1997
300 _a536
630 _aTHE LIST
730 _aTHE LIST
942 _cBOOK
999 _c382048
_d382045